| 000 | 02339nam a2200385 i 4500 | ||
|---|---|---|---|
| 001 | 18499 | ||
| 003 | ES-MaACL | ||
| 005 | 20250704062541.0 | ||
| 007 | t| | ||
| 008 | 020111s1884 sp |||| | spa d | ||
| 080 | _a061.21(460.27)Ateneo | ||
| 080 | _a502"18" | ||
| 080 | _a304 | ||
| 080 | _a008(460)"18" | ||
| 245 | 0 | 0 | _aDiscursos leídos en el Ateneo Científico, Literario y Artístico de Madrid con motivo de la apertura del curso de 1884. |
| 260 |
_aMadrid : _b[s.n.], _c1884 ( _fImp. Central, a cargo de Víctor Saiz) |
||
| 300 |
_a186 p. ; _c24 cm. |
||
| 505 | 0 | _aDiscurso leído el 31 de enero de 1884 por Antonio Cánovas del Castillo [tema: Historia del Ateneo desde su fundación] . Discurso leído el 1º de febrero de 1884 por Laureano Calderón y Arana en la inauguración de los debates de la Sección de Ciencias Exactas, Físicas y Naturales [tema: El estado presente de las ciencias naturales] . Discurso leído el 4 de febrero de 1884 por Manuel Cañete en la inauguración de la Sección de Literatura y Bellas Artes [tema: El estado actual de la literatura y de las artes] . Discurso pronunciado el 5 de febrero de 1884 por Francisco Fernández de Henestrosa en la inauguración de los debates de la Sección de Ciencias Morales y Políticas [tema: Estado actual de las ciencias morales y políticas] | |
| 610 | 2 | 4 |
_aAteneo de Madrid- _vDiscursos de apertura- _yS.XIX. _91912 |
| 610 | 2 | 4 |
_aAteneo de Madrid- _vHistoria _91925 |
| 610 | 2 | 4 |
_aAteneo de Madrid- _vObras digitalizadas. _91930 |
| 650 | 1 | 4 |
_aCiencias naturales- _yS.XIX. _910987 |
| 650 | 1 | 4 |
_aPolítica- _yS.XIX. _9143258 |
| 700 | 1 |
_aCánovas del Castillo, Antonio, _d1828-1897 _934600 |
|
| 700 | 1 |
_aCalderón y Arana, Laureano, _d1847-1894 _933631 |
|
| 700 | 1 |
_aCañete, Manuel, _d1822-1891 _934750 |
|
| 700 | 1 |
_aFernández de Henestrosa y Boza, Francisco, _dn. 1855 _9127049 |
|
| 710 | 2 |
_aAteneo de Madrid. _bSección de Ciencias Exactas, Físicas y Naturales. _91978 |
|
| 710 | 2 |
_aAteneo de Madrid. _bSección de Literatura y Bellas Artes. _92001 |
|
| 710 | 2 |
_aAteneo de Madrid. _bSección de Ciencias Morales y Políticas _91985 |
|
| 852 |
_aES-MaACL _jFol-Laf-71 |
||
| 852 |
_aES-MaACL _jB-1626(2) |
||
| 856 |
_uhttp://www.ateneodemadrid.net/biblioteca_digital/folletos/Discursos-016.pdf _zVer documento |
||
| 999 |
_c18499 _d18499 |
||